|
|
|
|
| LEADER |
00000nam0a2200000 4500 |
| 001 |
267888 |
| 005 |
20231101234122.0 |
| 010 |
|
|
|a 9785917685007
|
| 010 |
|
|
|a 978-5-16-009938-5
|
| 035 |
|
|
|a (RuTPU)RU\TPU\book\291001
|
| 090 |
|
|
|a 267888
|
| 100 |
|
|
|a 20140822d2015 k y0rusy50 ca
|
| 101 |
0 |
|
|a rus
|
| 102 |
|
|
|a RU
|
| 105 |
|
|
|a y z 000zy
|
| 200 |
1 |
|
|a Государственное регулирование экономической деятельности в условиях членства России во Всемирной торговой организации, Евразийском экономическом сообществе и Таможенном союзе
|e монография
|f Московский государственный юридический университет имени О. Е. Кутафина (МГЮА) ; под ред. И. В. Ершовой
|
| 210 |
|
|
|a Москва
|c Норма
|c Инфра-М
|d 2015
|
| 215 |
|
|
|a 288 с.
|
| 330 |
|
|
|a Монография является комплексным исследованием правовых проблем государственного регулирования экономической деятельности в условиях членства России во Всемирной торговой организации, Евразийском экономическом сообществе и Таможенном союзе. В ней рассмотрены концептуальные правовые основы и функциональное государственное регулирование экономической деятельности, государственное регулирование отдельных видов и сфер экономики, а также государственный контроль за осуществлением экономической деятельности. Для бакалавров, магистрантов, аспирантов, преподавателей юридических и экономических вузов и факультетов, работников органов государственной власти и местного самоуправления, предпринимателей, практикующих юристов и всех тех, кто интересуется проблемами государственного регулирования экономики.
|
| 606 |
1 |
|
|a Внешнеэкономическая деятельность
|2 stltpush
|3 (RuTPU)RU\TPU\subj\35997
|9 57529
|
| 606 |
1 |
|
|a Внешняя торговля
|2 stltpush
|3 (RuTPU)RU\TPU\subj\36004
|9 57535
|
| 606 |
1 |
|
|a Таможенное дело
|x Экономика
|2 stltpush
|3 (RuTPU)RU\TPU\subj\69328
|9 84236
|
| 610 |
1 |
|
|a государственное регулирование
|
| 610 |
1 |
|
|a экономическая деятельность
|
| 610 |
1 |
|
|a международные экологические организации
|
| 610 |
1 |
|
|a членство
|
| 610 |
1 |
|
|a Российская Федерация
|
| 610 |
1 |
|
|a Всемирная торговая организация
|
| 610 |
1 |
|
|a Всемирная таможенная организация
|
| 610 |
1 |
|
|a Таможенный союз
|
| 610 |
1 |
|
|a Евразийское экономическое сообщество
|
| 610 |
1 |
|
|a монографии
|
| 686 |
|
|
|a У9(2)8
|v LBC/SL-A
|2 rubbk
|
| 686 |
|
|
|a У9(2)843
|v LBC/SL-A
|2 rubbk
|
| 686 |
|
|
|a У9(2)428
|v LBC/SL-A
|2 rubbk
|
| 702 |
|
1 |
|a Ершова
|b И. В.
|4 340
|
| 712 |
0 |
2 |
|a Московский государственный юридический университет имени О. Е. Кутафина (МГЮА)
|c (2012- )
|2 stltpush
|3 (RuTPU)RU\TPU\col\18861
|
| 801 |
|
1 |
|a RU
|b 63413507
|c 20140822
|
| 801 |
|
2 |
|a RU
|b 63413507
|c 20150608
|g RCR
|
| 942 |
|
|
|c BK
|
| 959 |
|
|
|a 89/20140527
|d 1
|e 269,90
|f ЧЗГЛ:1
|